Guía de estudio : Derecho Penal. Parte general. Enfoque finalista /
Guardado en:
| Autor Principal: | |
|---|---|
| Formato: | Libro |
| Idioma: | Spanish |
| Publicado: |
Ciudad Autónoma de Buenos Aires :
Estudio,
2015.
|
| Edición: | 2a. ed. |
| Series: | Guías de estudio
|
| Materias: | |
| Etiquetas: |
Agregar Etiqueta
Sin Etiquetas, Sea el primero en etiquetar este registro!
|
| LEADER | 00549nam a22001695a 4500 | ||
|---|---|---|---|
| 001 | DER.der014066 | ||
| 008 | 190912s2015####ag############000#0#spa#d | ||
| 005 | 20241023092120.0 | ||
| 245 | 1 | 0 | |a Guía de estudio : |b Derecho Penal. Parte general. Enfoque finalista / |c Monserrat Andrea Font. |
| 250 | |a 2a. ed. | ||
| 260 | |a Ciudad Autónoma de Buenos Aires : |b Estudio, |c 2015. | ||
| 300 | |a 224 p. | ||
| 490 | 0 | |a Guías de estudio | |
| 020 | |a 9789508974785 | ||
| 100 | 1 | |a Font, Monserrat Andrea. | |
| 650 | 7 | |a DERECHO PENAL | |
| 859 | |a DERECHO |b BIB. DERECHO |h 345 |i FON |p 009294 | ||
